[Event "12th ECC Women"]
[Site "Kemer TUR"]
[Date "2007.10.07"]
[Round "5"]
[White "Gaponenko,I"]
[Black "Cramling,P"]
[Result "0-1"]
[WhiteElo "2440"]
[BlackElo "2531"]
[EventDate "2007.10.03"]

1. e4 c5 2. Nf3 Nc6 3. c3 Nf6 4. e5 Nd5 5. d4 cxd4 6. cxd4 d6 7. Bc4 Nb6 8.
Bb5 Bd7 9. Nc3 e6 10. O-O a6 11. Bd3 Nb4 12. Bg5 Qb8 13. Be4 h6 14. Bf4 d5
15. Bb1 Nc4 16. a3 Nc6 17. Bc1 b5 18. b3 Nb6 19. a4 bxa4 20. Nxa4 Nxa4 21.
Rxa4 Nb4 22. Ra1 Bb5 23. Re1 Be7 24. Re3 Qb6 25. Bd2 Rc8 26. Qe1 a5 27. h4
Kd7 28. h5 Rc7 29. Rc3 Nc6 30. Bd3 Bb4 31. Bxb5 Bxc3 32. Bxc6+ Qxc6 33.
Bxc3 Qxc3 34. Qxc3 Rxc3 35. Rxa5 Rb8 36. Ra7+ Rc7 37. Rxc7+ Kxc7 38. g4
Rxb3 39. Kg2 f6 40. Kg3 Rd3 0-1

[Event "12th ECC Women"]
[Site "Kemer TUR"]
[Date "2007.10.07"]
[Round "5"]
[White "Shumiakina,T"]
[Black "Lomineishvili,M"]
[Result "1-0"]
[WhiteElo "2361"]
[BlackElo "2409"]
[EventDate "2007.10.03"]

1. d4 Nf6 2. c4 e6 3. Nf3 d5 4. Nc3 Bb4 5. cxd5 exd5 6. Bg5 h6 7. Bh4 g5 8.
Bg3 Ne4 9. Nd2 Nxg3 10. hxg3 c5 11. a3 Bxc3 12. bxc3 cxd4 13. cxd4 Nc6 14.
e3 Kf8 15. Bd3 Kg7 16. g4 Be6 17. f3 Re8 18. Kf2 Qf6 19. Nf1 Bxg4 20. Ng3
Kg8 21. Bc2 Rac8 22. Rc1 Re6 23. Qd3 Rce8 24. Rce1 Kf8 25. Kg1 Bxf3 26.
gxf3 Qxf3 27. Nf5 Re4 28. Qf1 Qg4+ 29. Kh2 R4e6 30. Qg2 Qxg2+ 31. Kxg2 Ne7
32. Nxh6 Kg7 33. Ng4 f5 34. Ne5 Rc8 35. Bb1 Rb6 36. Rh5 Rb2+ 37. Kg1 Kf6
38. Rh6+ Kg7 39. Rh5 Kf6 40. Rh6+ Kg7 41. Re6 Rc7 42. Nf3 g4 43. Nh4 Kf7
44. Re5 Rc3 45. Nxf5 Nxf5 46. Bxf5 Rxa3 47. Be6+ Kg6 48. Bxd5 Ra6 49. Rf1
Rf6 50. Be4+ Kf7 51. Ref5 Rxf5 52. Bxf5 g3 53. Rf3 a5 54. d5 Ke7 55. Rxg3
a4 56. Rg2 Rb3 57. Kf2 Kd6 58. Be4 a3 59. Kf3 b5 60. Rg6+ Kc5 61. Ra6 b4
62. d6 Rb2 63. d7 Rd2 64. Bd5 Kxd5 1-0

[Event "12th ECC Women"]
[Site "Kemer TUR"]
[Date "2007.10.07"]
[Round "5"]
[White "Hou Yifan"]
[Black "Gvetadze,Sopi"]
[Result "1-0"]
[WhiteElo "2502"]
[BlackElo "2362"]
[EventDate "2007.10.03"]

1. e4 c5 2. Nf3 e6 3. d4 cxd4 4. Nxd4 Nc6 5. Nc3 d6 6. Be2 Nf6 7. O-O Be7
8. Be3 O-O 9. f4 e5 10. Nb3 exf4 11. Bxf4 Be6 12. Kh1 d5 13. e5 Nd7 14.
Nxd5 Ndxe5 15. c4 Bg5 16. Nc5 Bxf4 17. Nxe6 fxe6 18. Nxf4 Rf6 19. Qb3 Qe7
20. Qe3 Raf8 21. h3 R8f7 22. Kg1 Rf5 23. Nh5 Rxf1+ 24. Rxf1 Rxf1+ 25. Bxf1
Nd7 26. Nf4 Qc5 27. Kf2 Kf7 28. Qxc5 Nxc5 29. Ke3 Ke7 30. g3 a5 31. Bg2 e5
32. Nd5+ Kd6 33. Nc3 Ne6 34. Bd5 Ned4 35. Ne4+ Ke7 36. Nc5 Nf5+ 37. Kf2 Nb4
38. Nxb7 Nd3+ 39. Kf3 Nxb2 40. Nxa5 Na4 41. Be4 Nd4+ 42. Ke3 Nc3 43. Nb3
Ne6 44. Bxh7 Nxa2 45. Bf5 Nc7 46. Ke4 Kf6 47. Bg4 Na6 48. Bc8 N6b4 49. Nc5
Nc3+ 50. Ke3 Ke7 51. Bb7 Nb1 52. Nb3 Na3 53. c5 Nb5 54. Nd2 Ke6 55. Ne4 Nd4
56. Kd2 Nbc6 57. Kd3 Kd5 58. Ba8 Nf5 59. g4 Nfd4 60. h4 g6 61. h5 gxh5 62.
gxh5 Nf5 63. Bb7 Nh6 64. Ke3 Nf5+ 65. Kf3 Nh6 66. Ba8 Ng8 67. Bxc6+ Kxc6
68. Kg4 Kd5 69. Kf5 Ne7+ 70. Kf6 1-0

[Event "12th ECC Women"]
[Site "Kemer TUR"]
[Date "2007.10.07"]
[Round "5"]
[White "Khurtsidze,N"]
[Black "Demina,J"]
[Result "1/2-1/2"]
[WhiteElo "2450"]
[BlackElo "2327"]
[EventDate "2007.10.03"]

1. d4 d5 2. Nf3 Nf6 3. c4 c6 4. e3 e6 5. Bd3 Nbd7 6. O-O dxc4 7. Bxc4 Bd6
8. Nc3 O-O 9. e4 e5 10. Bg5 Qe7 11. d5 Rd8 12. Qe2 Nf8 13. h3 Ng6 14. dxc6
bxc6 15. Rfd1 h6 16. Be3 Nh5 17. Rd2 Nhf4 18. Qd1 Be6 19. Bf1 Bc7 20. Rxd8+
Rxd8 21. Qc2 1/2-1/2

[Event "12th ECC Women"]
[Site "Kemer TUR"]
[Date "2007.10.07"]
[Round "5"]
[White "Cmilyte,V"]
[Black "Danielian,E"]
[Result "1-0"]
[WhiteElo "2464"]
[BlackElo "2458"]
[EventDate "2007.10.03"]

1. d4 d5 2. c4 dxc4 3. e4 Nf6 4. e5 Nd5 5. Bxc4 Nb6 6. Bd3 Nc6 7. Ne2 Bg4
8. Be3 Qd7 9. Nbc3 O-O-O 10. Nb5 Bf5 11. O-O 1-0

[Event "12th ECC Women"]
[Site "Kemer TUR"]
[Date "2007.10.07"]
[Round "5"]
[White "Pogonina,N"]
[Black "Middelveld,M"]
[Result "1-0"]
[WhiteElo "2462"]
[BlackElo "2009"]
[EventDate "2007.10.03"]

1. e4 e6 2. d4 d5 3. Nd2 Nf6 4. e5 Nfd7 5. Bd3 c5 6. c3 Nc6 7. Ne2 cxd4 8.
cxd4 f6 9. exf6 Nxf6 10. O-O Bd6 11. Nf3 Qc7 12. Nc3 a6 13. Bg5 O-O 14. Bh4
Bd7 15. Re1 Rae8 16. Rc1 Re7 17. a3 Bf4 18. Bxf6 Rxf6 19. Nxd5 exd5 20.
Rxe7 Bxc1 21. Qxc1 Qd6 22. Re3 Rf4 23. Qc5 Qxc5 24. dxc5 g6 25. b4 Nd4 26.
Ne5 Ba4 27. g3 Rf6 28. Bb1 Nf5 29. Bxf5 Rxf5 30. Nf3 Rf7 31. Nd4 Rd7 32.
Re5 Kf7 33. f4 Bc6 34. Kf2 Ba4 35. Ke3 Bd1 36. Kd3 h6 37. Re1 Bg4 38. Nb3
Bf5+ 39. Kd4 Be4 40. Nd2 Kf6 41. Rc1 Bg2 42. Rg1 Be4 43. Nxe4+ dxe4+ 44.
Kxe4 Rd2 45. Rc1 1-0

[Event "12th ECC Women"]
[Site "Kemer TUR"]
[Date "2007.10.07"]
[Round "5"]
[White "Bensdorp,L"]
[Black "Muzychuk,A"]
[Result "0-1"]
[WhiteElo "2121"]
[BlackElo "2469"]
[EventDate "2007.10.03"]

1. e4 c5 2. Nf3 e6 3. d4 cxd4 4. Nxd4 a6 5. Nc3 Nc6 6. Nxc6 bxc6 7. Bd3 d5
8. O-O Nf6 9. Qe2 Be7 10. e5 Nd7 11. Na4 O-O 12. f4 Qc7 13. b3 f5 14. exf6
Nxf6 15. Bb2 c5 16. Be5 Qc6 17. Nc3 Bb7 18. Rae1 Rae8 19. Rf3 Rf7 20. Rh3
g6 21. Rg3 Bf8 22. Kh1 Nd7 23. Rh3 Nxe5 24. fxe5 Kh8 25. Rf1 0-1

[Event "12th ECC Women"]
[Site "Kemer TUR"]
[Date "2007.10.07"]
[Round "5"]
[White "Matveeva,S"]
[Black "Van Weersel,A"]
[Result "1-0"]
[WhiteElo "2433"]
[BlackElo "2174"]
[EventDate "2007.10.03"]

1. d4 Nf6 2. c4 e6 3. Nc3 Bb4 4. Qc2 O-O 5. a3 Bxc3+ 6. Qxc3 b6 7. Nf3 Bb7
8. e3 d5 9. b4 Ne4 10. Qb3 Nd7 11. Be2 Ndf6 12. O-O dxc4 13. Qxc4 c5 14.
dxc5 bxc5 15. Bb2 Rc8 16. b5 Qd5 17. Rad1 Qxc4 18. Bxc4 Rfd8 19. Rc1 Nd5
20. Rc2 Nb6 21. Be2 f6 22. Rfc1 e5 23. Bc3 Bd5 24. Ba5 Bb3 25. Rb2 c4 26.
Nd2 Nxd2 27. Rxd2 Rxd2 28. Bxd2 Ba4 29. Bg4 Rd8 30. Ba5 Bxb5 31. Rb1 Bd7
32. Bxb6 axb6 33. Rd1 1-0

[Event "12th ECC Women"]
[Site "Kemer TUR"]
[Date "2007.10.07"]
[Round "5"]
[White "Benderac,A"]
[Black "Stevandic,D"]
[Result "1-0"]
[WhiteElo "2328"]
[BlackElo "2052"]
[EventDate "2007.10.03"]

1. d4 Nf6 2. Nc3 e6 3. e4 d5 4. Bg5 Be7 5. e5 Nfd7 6. Bxe7 Qxe7 7. f4 a6 8.
Nf3 c5 9. Qd2 Nc6 10. dxc5 Qxc5 11. O-O-O b5 12. Nd4 Bb7 13. Nb3 Qa7 14.
Ne4 O-O 15. Nd6 Rad8 16. Bd3 Ne7 17. Nxb7 Qxb7 18. Qf2 Rc8 19. Bxh7+ Kxh7
20. Qh4+ Kg8 21. Qxe7 Nc5 22. Qxb7 Nxb7 23. Rd4 Rc4 24. Rhd1 Rfc8 25. Rxc4
bxc4 26. Nd4 Nc5 27. Rf1 Rb8 28. Rf3 Ne4 29. Ne2 Rb7 30. b3 cxb3 31. Rxb3
Rxb3 32. axb3 Kf8 33. Nd4 Ke8 34. Nc6 f6 35. exf6 gxf6 36. Nb8 a5 37. Nc6
a4 38. bxa4 Nc5 39. a5 1-0

[Event "12th ECC Women"]
[Site "Kemer TUR"]
[Date "2007.10.07"]
[Round "5"]
[White "Dengler,D"]
[Black "Ushenina,A"]
[Result "0-1"]
[WhiteElo "2093"]
[BlackElo "2486"]
[EventDate "2007.10.03"]

1. d4 d5 2. Nf3 c5 3. e3 Nf6 4. Nbd2 cxd4 5. exd4 Nc6 6. b3 g6 7. Bb2 Bg7
8. a3 O-O 9. Bd3 Nh5 10. g3 Qb6 11. c3 Bg4 12. Be2 Nf6 13. O-O Rfd8 14. Re1
e6 15. Nh4 Bxe2 16. Rxe2 Rac8 17. Ng2 Na5 18. Rb1 Ne4 19. Nxe4 dxe4 20. Ba1
f5 21. Ne3 Qd6 22. a4 a6 23. Qe1 Qc7 24. Nc2 e5 25. dxe5 Bxe5 26. Nd4 Qf7
27. b4 Nc4 28. b5 Bf6 29. bxa6 bxa6 30. Rb4 Ne5 31. Qb1 Nd3 32. Rb6 Bxd4
33. cxd4 Rc1+ 0-1

[Event "12th ECC Women"]
[Site "Kemer TUR"]
[Date "2007.10.07"]
[Round "5"]
[White "Maric,A"]
[Black "Boric,E"]
[Result "1-0"]
[WhiteElo "2408"]
[BlackElo "2279"]
[EventDate "2007.10.03"]

1. d4 f5 2. Nc3 Nf6 3. Bg5 g6 4. Bxf6 exf6 5. e3 d5 6. Qf3 Be6 7. Nge2 Bf7
8. a3 Nc6 9. Nf4 Ne7 10. O-O-O Qd7 11. Bd3 b6 12. g4 Bg7 13. g5 1-0

[Event "12th ECC Women"]
[Site "Kemer TUR"]
[Date "2007.10.07"]
[Round "5"]
[White "Savurko,A"]
[Black "Kovanova,B"]
[Result "0-1"]
[WhiteElo "2088"]
[BlackElo "2346"]
[EventDate "2007.10.03"]

1. d4 Nf6 2. c4 e6 3. Nc3 Bb4 4. Qc2 O-O 5. a3 Bxc3+ 6. Qxc3 b6 7. Bg5 Bb7
8. f3 h6 9. Bxf6 Qxf6 10. e3 d6 11. Nh3 Nd7 12. Bd3 Qh4+ 13. Nf2 c5 14. O-O
Rac8 15. Ne4 Qe7 16. dxc5 bxc5 17. Rad1 d5 18. Ng3 Qf6 19. cxd5 exd5 20.
Bf5 Qxc3 21. bxc3 Rcd8 22. c4 Nb6 23. cxd5 Bxd5 24. Rfe1 c4 25. Ne2 Rfe8
26. Kf2 Re5 27. Bc2 Rde8 28. e4 Bb7 29. Nc3 Ra5 30. Ra1 Rd8 31. Red1 Rc8
32. Ke3 Bc6 33. a4 f6 34. h4 h5 35. Rg1 Bd7 36. Bd1 f5 37. f4 fxe4 38. Bc2
Bc6 39. Bxe4 Re8 40. Kf3 Bxe4+ 41. Nxe4 Rd8 42. Rgc1 Rd3+ 43. Ke2 Rb3 44.
Nc3 Rf5 45. a5 Nd7 46. Ke3 Rd5 47. Ke2 Rb2+ 48. Kf1 Rd4 49. g3 Nf6 50. Rd1
Rxd1+ 51. Nxd1 Rb3 52. Rc1 Ne4 53. Ke1 Rb4 54. Ne3 Rb3 55. Nd1 Nd6 56. Rc3
Rb5 57. Ra3 Kf7 58. Kd2 Ke6 59. Kc3 Kd5 60. Ne3+ Kc5 61. Nxc4 Nxc4 62. Ra4
0-1

[Event "12th ECC Women"]
[Site "Kemer TUR"]
[Date "2007.10.07"]
[Round "5"]
[White "Kursova,M"]
[Black "Khudaya,I"]
[Result "1-0"]
[WhiteElo "2358"]
[BlackElo "2111"]
[EventDate "2007.10.03"]

1. d4 f5 2. g3 Nf6 3. Bg2 d6 4. c4 g6 5. Nc3 Bg7 6. Nh3 c6 7. O-O O-O 8. d5
c5 9. Re1 Nbd7 10. Qc2 Ne5 11. b3 Rb8 12. Bb2 a6 13. a4 Bd7 14. e3 Qe8 15.
f4 Neg4 16. Ng5 h6 17. Ne6 Bxe6 18. dxe6 Nh7 19. h3 Ngf6 20. Rad1 Nh5 21.
Kh2 Kh8 22. e4 fxe4 23. Nd5 Bxb2 24. Qxb2+ Kg8 25. Nb6 N7f6 26. f5 1-0

[Event "12th ECC Women"]
[Site "Kemer TUR"]
[Date "2007.10.07"]
[Round "5"]
[White "Khudaya,A"]
[Black "Vasilevich,I"]
[Result "0-1"]
[WhiteElo "2088"]
[BlackElo "2383"]
[EventDate "2007.10.03"]

1. d4 Nf6 2. c4 e6 3. Nc3 d5 4. cxd5 exd5 5. Bg5 c6 6. e3 Qb6 7. Qc2 Ne4 8.
Bf4 Bf5 9. Bd3 Na6 10. a3 Qa5 11. Rc1 Nxc3 12. Qxc3 Qxc3+ 13. Rxc3 Bxd3 14.
Rxd3 Kd7 15. Nf3 f6 16. Rb3 b5 17. Ke2 Nc7 18. Bxc7 Kxc7 19. Re1 Kb6 20.
Rc3 Rc8 21. Nh4 a5 22. g3 g6 23. Ng2 g5 24. h4 h6 25. Rh1 Bd6 0-1

[Event "12th ECC Women"]
[Site "Kemer TUR"]
[Date "2007.10.07"]
[Round "5"]
[White "Zhao Xue"]
[Black "Gerasimovitch,O"]
[Result "1-0"]
[WhiteElo "2530"]
[BlackElo "2184"]
[EventDate "2007.10.03"]

1. d4 d5 2. c4 c6 3. Nc3 Nf6 4. Nf3 dxc4 5. a4 Bf5 6. Ne5 Nbd7 7. Nxc4 Qc7
8. g3 e5 9. dxe5 Nxe5 10. Bf4 Nfd7 11. Bg2 f6 12. O-O Nc5 13. Ne3 Bg6 14.
b4 Ne6 15. Qb3 Bf7 16. Qb1 Nxf4 17. gxf4 Ng6 18. b5 Qxf4 19. Rd1 Bc5 20.
bxc6 O-O 21. cxb7 Rab8 22. Ncd5 Bxd5 23. Bxd5+ Kh8 24. Qe4 Qg5+ 25. Qg2
Bxe3 26. fxe3 Qxe3+ 27. Qf2 Qg5+ 28. Kh1 Nf4 29. Bf3 Nh3 30. Qxa7 Qh4 31.
Qd4 Qf2 32. a5 1-0

[Event "12th ECC Women"]
[Site "Kemer TUR"]
[Date "2007.10.07"]
[Round "5"]
[White "Kaya,E"]
[Black "Jahn,C"]
[Result "0-1"]
[WhiteElo "1883"]
[BlackElo "2188"]
[EventDate "2007.10.03"]

1. e4 c5 2. Nf3 e6 3. d4 cxd4 4. Nxd4 a6 5. Nc3 Qc7 6. g3 Bb4 7. Bd2 Nf6 8.
Bg2 Nc6 9. Nxc6 bxc6 10. O-O Be7 11. Be3 O-O 12. f4 d5 13. Qe2 Bb7 14. Rad1
Rfe8 15. a4 Bb4 16. e5 Nd7 17. Qh5 Bc5 18. Bxc5 Nxc5 19. f5 exf5 0-1

[Event "12th ECC Women"]
[Site "Kemer TUR"]
[Date "2007.10.07"]
[Round "5"]
[White "Eckhardt,C"]
[Black "Bayrak,A"]
[Result "0-1"]
[WhiteElo "2168"]
[BlackElo "2032"]
[EventDate "2007.10.03"]

1. d4 d5 2. Nf3 Nf6 3. g3 Bf5 4. Bg2 e6 5. O-O Nbd7 6. c4 c6 7. Nc3 dxc4 8.
Nh4 Bg4 9. h3 Bh5 10. g4 Nd5 11. Nf3 Bg6 12. Re1 Bb4 13. Bd2 Bxc3 14. Bxc3
Nxc3 15. bxc3 Be4 16. Nd2 Bxg2 17. Kxg2 b5 18. e4 O-O 19. f4 c5 20. Nf3
cxd4 21. Nxd4 Nc5 22. Qf3 Nd3 23. Re2 b4 24. Rf1 bxc3 25. Nc6 Qc7 26. Ne5
Rad8 27. Rc2 f6 0-1

[Event "12th ECC Women"]
[Site "Kemer TUR"]
[Date "2007.10.07"]
[Round "5"]
[White "Sharevich,A"]
[Black "Topel,Z"]
[Result "1/2-1/2"]
[WhiteElo "2289"]
[BlackElo "2246"]
[EventDate "2007.10.03"]

1. d4 Nf6 2. g3 g6 3. Bg2 Bg7 4. e4 d6 5. Nc3 O-O 6. Nge2 e5 7. O-O Nc6 8.
d5 Ne7 9. h3 c6 10. Bg5 h6 11. Bxf6 Bxf6 12. Qd2 cxd5 13. Nxd5 Nxd5 14.
Qxd5 Be6 15. Qd2 Bg5 16. f4 Qb6+ 17. Kh1 exf4 18. gxf4 Bh4 19. b3 Rad8 20.
a4 f5 21. Nd4 Bc8 22. Rad1 Be7 23. Qd3 1/2-1/2

[Event "12th ECC Women"]
[Site "Kemer TUR"]
[Date "2007.10.07"]
[Round "5"]
[White "Dincel,M"]
[Black "Sop,S"]
[Result "1/2-1/2"]
[WhiteElo "1812"]
[BlackElo "1911"]
[EventDate "2007.10.03"]

1. c4 e6 2. Nc3 d5 3. cxd5 exd5 4. d4 c6 5. Bf4 Bd6 6. Bxd6 Qxd6 7. Qc2 Ne7
8. e3 Bf5 9. Bd3 Qg6 10. Bxf5 Nxf5 11. O-O-O O-O 12. Nge2 Nd6 13. Qxg6 fxg6
14. Nf4 Nd7 15. h4 Rae8 16. Nd3 Ne4 17. Nxe4 dxe4 18. Nf4 Nf6 19. Rd2 Nd5
20. Nxd5 cxd5 21. Kb1 Rf6 22. Rc1 Ref8 23. Rcc2 h6 24. a3 g5 25. hxg5 hxg5
26. Ka2 g4 27. g3 R8f7 28. Re2 Kf8 29. b4 Ke8 30. Red2 Kd8 31. Kb3 Kd7 32.
Re2 g5 33. Red2 b6 34. Re2 Rh7 35. Ka4 a6 36. Kb3 Rhf7 37. Red2 Rf5 1/2-1/2

[Event "12th ECC Women"]
[Site "Kemer TUR"]
[Date "2007.10.07"]
[Round "5"]
[White "Klipper,R"]
[Black "Dincok,B"]
[Result "0-1"]
[WhiteElo "2069"]
[BlackElo "1945"]
[EventDate "2007.10.03"]

1. d4 Nf6 2. Nf3 g6 3. Nbd2 Bg7 4. e4 d6 5. Bc4 O-O 6. O-O c5 7. dxc5 dxc5
8. Qe2 e6 9. Rd1 Qc7 10. Nf1 Nc6 11. c3 a6 12. Bg5 b5 13. Bb3 Bb7 14. h3 h6
15. Bxf6 Bxf6 16. Qe3 Ne5 17. N1h2 Kh7 18. Ng4 Nxg4 0-1

[Event "12th ECC Women"]
[Site "Kemer TUR"]
[Date "2007.10.07"]
[Round "5"]
[White "Gencer,O"]
[Black "Steil Antoni,F"]
[Result "0-1"]
[WhiteElo "1940"]
[BlackElo "2104"]
[EventDate "2007.10.03"]

1. e4 e5 2. Nf3 Nc6 3. Bc4 Bc5 4. c3 Nf6 5. d3 a6 6. Bb3 Ba7 7. O-O d6 8.
h3 h6 9. Nbd2 O-O 10. Re1 Nh5 11. Nf1 Qf6 12. Be3 Nf4 13. Ng3 g5 14. Nh2
Kh7 15. Qd2 Ne7 16. Bd1 Qg7 17. Bf3 c6 18. Bg4 f5 19. exf5 Nxf5 20. Bxa7
Rxa7 21. Bxf5+ Bxf5 22. Nxf5 Rxf5 23. Rad1 Ra8 24. Qe3 Raf8 25. Rd2 Kh8 26.
f3 Qf7 27. a3 Nd5 28. Qe2 Rf4 29. Nf1 h5 30. Nh2 Qg6 31. d4 Re8 32. Qd3 Rf6
33. dxe5 Qxd3 34. Rxd3 Rfe6 35. Kf2 Kg7 36. g3 dxe5 37. c4 Nf6 38. g4 hxg4
39. Nxg4 Nxg4+ 40. hxg4 Kf6 41. Re4 Rh8 42. Kg2 b5 43. c5 Ke7 44. Rde3 Kf6
45. Rd3 Ke7 46. b4 Rf8 47. Kf2 Rh8 48. Re1 Rf8 49. Rde3 Kf6 50. Rd3 Ke7 51.
Red1 Rf4 52. Rd7+ Kf6 53. R7d6 e4 54. Rxe6+ Kxe6 55. Rd6+ Ke5 56. Rg6 Rxf3+
57. Ke2 Rxa3 58. Rxg5+ Kd4 59. Rg6 Ra2+ 60. Kf1 a5 61. bxa5 Kxc5 62. Re6
Kd5 63. Re8 Rxa5 64. g5 Ra7 65. Rd8+ Ke6 0-1

[Event "12th ECC Women"]
[Site "Kemer TUR"]
[Date "2007.10.08"]
[Round "6"]
[White "Lahno,Kateri"]
[Black "Koneru,H"]
[Result "0-1"]
[WhiteElo "2459"]
[BlackElo "2606"]
[EventDate "2007.10.03"]

1. e4 e5 2. Nf3 Nc6 3. Bb5 a6 4. Ba4 Nf6 5. O-O Be7 6. Re1 b5 7. Bb3 d6 8.
c3 O-O 9. h3 Na5 10. Bc2 c5 11. d4 Nd7 12. dxc5 dxc5 13. Nbd2 Bb7 14. Nh2
Qc7 15. Ng4 Rad8 16. Ne3 g6 17. Qe2 Nb6 18. Nf3 Bc8 19. Ng4 Nc6 20. Bh6
Rfe8 21. Rad1 f6 22. Bc1 Rxd1 23. Rxd1 Rd8 24. Bb3+ c4 25. Bc2 Be6 26. Nh6+
Kf8 27. Rf1 Nd7 28. b4 cxb3 29. Bxb3 Nc5 30. Bxe6 Nxe6 31. Rd1 Na5 32.
Rxd8+ Nxd8 33. Qd3 Qc4 34. Qc2 Ndc6 35. Qd2 Qxe4 36. Kh2 Nb8 37. Ng4 Nc4
38. Qh6+ Kg8 39. Qh4 Qc6 40. Qg3 Nd7 41. Nh6+ Kf8 42. h4 Bd6 43. Qg4 Nc5
44. h5 Qd7 45. Qh4 e4+ 46. g3 exf3 47. Qxf6+ Ke8 48. hxg6 hxg6 49. Bg5 Qc7
50. Ng8 Kd7 51. Qxf3 Qc6 52. Qf7+ Kc8 53. Nf6 Ne5 54. Qg8+ Kb7 55. Be3 Ncd7
56. Nxd7 Qxd7 57. Qd5+ Qc6 58. Qe6 Nf3+ 59. Kh3 Qc8 60. Qxc8+ Kxc8 61. Kg4
Ne5+ 62. Kg5 Be7+ 63. Kh6 g5 64. Bd4 Nf3 65. Be3 Kd7 0-1

[Event "12th ECC Women"]
[Site "Kemer TUR"]
[Date "2007.10.08"]
[Round "6"]
[White "Cramling,P"]
[Black "Hou Yifan"]
[Result "1/2-1/2"]
[WhiteElo "2531"]
[BlackElo "2502"]
[EventDate "2007.10.03"]

1. d4 Nf6 2. Nf3 e6 3. c4 Bb4+ 4. Nbd2 O-O 5. a3 Be7 6. e4 d5 7. e5 Nfd7 8.
b4 a5 9. b5 c5 10. Bb2 cxd4 11. Bxd4 Nc5 12. Be2 Nbd7 13. O-O b6 14. cxd5
exd5 15. Bb2 Bb7 16. Re1 Re8 17. Nf1 Ne6 18. Ne3 Ndc5 19. Nf5 Bf8 20. Bf1
Rc8 21. N3d4 g6 22. Nd6 Bxd6 23. exd6 Qxd6 24. g3 Ng7 25. Rxe8+ Rxe8 26.
Bg2 Ne4 27. Rc1 f6 28. Qc2 Rc8 29. Qxc8+ Bxc8 30. Rxc8+ Kf7 31. Rc6 Qd8 32.
h4 Nc5 33. Bh3 f5 34. Nf3 Nge6 35. Bf1 Ke8 36. Nd4 Nf8 37. Bc1 Ne4 38. Be3
Kf7 39. Nf3 Nd7 40. Bf4 Qe7 41. Rc7 Kf8 42. Rc8+ Kf7 43. Rc7 Kf8 44. Rc8+
Kg7 45. Rc7 Kf8 1/2-1/2

[Event "12th ECC Women"]
[Site "Kemer TUR"]
[Date "2007.10.08"]
[Round "6"]
[White "Socko,M"]
[Black "Shumiakina,T"]
[Result "1-0"]
[WhiteElo "2473"]
[BlackElo "2361"]
[EventDate "2007.10.03"]

1. e4 c5 2. Nf3 e6 3. g3 Nc6 4. Bg2 Nf6 5. Nc3 d5 6. exd5 Nxd5 7. Nxd5 exd5
8. d4 cxd4 9. O-O Be7 10. Nxd4 O-O 11. c3 Bf6 12. Be3 Ne5 13. Qc2 Nc4 14.
Bf4 Bxd4 15. cxd4 Be6 16. Rac1 Rc8 17. Qe2 Qd7 18. b3 Na5 19. Qd2 Nc6 20.
Rc5 b6 21. Rc3 Ne7 22. Rfc1 Rxc3 23. Rxc3 Rc8 24. Bf1 h6 25. h4 Rxc3 26.
Qxc3 Qc8 27. Qxc8+ Bxc8 28. Bd2 Bf5 29. b4 Bb1 30. a4 Nf5 31. Bc3 Nd6 32.
f3 Ba2 33. Kf2 Bb3 34. a5 b5 35. Bd2 a6 36. Bf4 Nf5 37. Bxb5 Nxd4 38. Bxa6
Nc6 39. Bb7 Nxb4 40. Bd6 1-0

[Event "12th ECC Women"]
[Site "Kemer TUR"]
[Date "2007.10.08"]
[Round "6"]
[White "Cmilyte,V"]
[Black "Matveeva,S"]
[Result "1/2-1/2"]
[WhiteElo "2464"]
[BlackElo "2433"]
[EventDate "2007.10.03"]

1. d4 d5 2. c4 dxc4 3. Nf3 e6 4. e3 c5 5. Bxc4 a6 6. O-O Nf6 7. Bb3 b5 8.
a4 b4 9. e4 Bb7 10. e5 Ne4 11. Nbd2 Be7 12. Nxe4 Bxe4 13. Re1 Bb7 14. Be3
O-O 15. Rc1 Nd7 16. d5 exd5 17. Bxd5 Bxd5 18. Qxd5 Nb6 19. Qa2 Rc8 20. Red1
Qe8 21. b3 Qc6 22. Qc2 Qe6 23. a5 Nd5 24. Bd2 h6 25. Qc4 Rfd8 26. h3 Rc7
27. Be1 Rcd7 28. Rd2 Nc7 29. Rxd7 Rxd7 30. Kf1 Qxc4+ 31. Rxc4 Ne6 32. Nd2
g5 33. g3 Kg7 34. f3 Kg6 35. Kf2 Bd8 36. Rc1 Bxa5 37. Ra1 Bc7 38. Rxa6 Bxe5
39. Nc4 Bf6 40. Ke3 Rd1 41. Bf2 Rb1 42. Nd2 Rc1 43. Ke4 Kg7 44. Rc6 Rc2 45.
Be3 Bd4 46. Nc4 Bxe3 47. Nxe3 Rc3 48. Nf5+ Kh7 49. f4 gxf4 50. gxf4 Rxb3
51. Nd6 Kg7 52. f5 Ng5+ 53. Ke5 Re3+ 54. Kf4 Rxh3 55. Rxc5 Rd3 56. Ne8+ Kf8
57. Nf6 Rc3 58. Rb5 Rc4+ 59. Ke5 Nf3+ 60. Kd6 Rd4+ 1/2-1/2

[Event "12th ECC Women"]
[Site "Kemer TUR"]
[Date "2007.10.08"]
[Round "6"]
[White "Muzychuk,A"]
[Black "Turova,I"]
[Result "1/2-1/2"]
[WhiteElo "2469"]
[BlackElo "2383"]
[EventDate "2007.10.03"]

1. e4 e5 2. Nf3 Nf6 3. Nxe5 d6 4. Nf3 Nxe4 5. Nc3 Nxc3 6. dxc3 Be7 7. Bf4
Nc6 8. Qd2 Be6 9. O-O-O Qd7 10. Bd3 O-O-O 11. Rhe1 Rhe8 12. Bb5 a6 13. Ba4
b5 14. Bb3 Bxb3 15. axb3 Qf5 16. h3 h5 17. Bg3 Bf6 1/2-1/2

[Event "12th ECC Women"]
[Site "Kemer TUR"]
[Date "2007.10.08"]
[Round "6"]
[White "Sudakova,I"]
[Black "Pogonina,N"]
[Result "0-1"]
[WhiteElo "2326"]
[BlackElo "2462"]
[EventDate "2007.10.03"]

1. e4 c5 2. d3 g6 3. g3 Bg7 4. Bg2 e5 5. c3 Ne7 6. f4 exf4 7. Bxf4 d5 8.
Nf3 O-O 9. O-O Nbc6 10. Qd2 Bg4 11. Na3 dxe4 12. dxe4 Qxd2 13. Nxd2 Ne5 14.
Bxe5 Bxe5 15. Nac4 Nc6 16. Ne3 Be6 17. Nd5 Rad8 18. Nc4 Bg7 19. a4 Rd7 20.
Bf3 Ne5 21. Nxe5 Bxe5 22. Rad1 Rfd8 23. Ne3 Rd6 24. Rxd6 Rxd6 25. Rd1 Ra6
26. Rd8+ Kg7 27. Bd1 Bf6 28. Rd2 Bg5 29. Kf2 h5 30. Re2 Rd6 31. Bc2 Bxe3+
32. Kxe3 Rb6 33. Bd3 c4 34. Bb1 Bd7 35. Ba2 Be6 36. a5 Rc6 37. Rd2 Rc5 38.
Kd4 Rc8 39. Ke3 Kf6 40. Rd4 Ke5 41. Kd2 g5 42. Ke3 Rc5 43. h4 f6 44. Kf3
Rc8 45. Ke3 gxh4 46. gxh4 b5 47. axb6 axb6 48. Bb1 Rg8 49. Bc2 Rg4 50. Ba4
Rxh4 51. Bb5 Rh3+ 52. Kf2 Rh2+ 53. Kg3 Rxb2 54. Bxc4 Rc2 55. Bf1 Rxc3+ 56.
Rd3 Rxd3+ 57. Bxd3 Bf7 58. Kf3 Bg6 59. Ke3 h4 60. Kf3 h3 0-1

[Event "12th ECC Women"]
[Site "Kemer TUR"]
[Date "2007.10.08"]
[Round "6"]
[White "Zhukova,N"]
[Black "Javakhishvili,L"]
[Result "0-1"]
[WhiteElo "2452"]
[BlackElo "2474"]
[EventDate "2007.10.03"]

1. d4 Nf6 2. c4 e6 3. Nf3 b6 4. g3 Ba6 5. b3 Bb4+ 6. Bd2 Be7 7. Nc3 O-O 8.
Rc1 c6 9. e4 d5 10. e5 Ne4 11. Bd3 Nxc3 12. Rxc3 c5 13. h4 g6 14. dxc5 d4
15. Rc1 Bb7 16. O-O Nd7 17. c6 Bxc6 18. Nxd4 Bb7 19. Bf4 Bxh4 20. Qg4 Nc5
21. Bb1 Be7 22. Rfd1 Qc8 23. b4 Na4 24. b5 Nc5 25. Nb3 Qc7 26. Bg5 Bf3 27.
Qxf3 Bxg5 28. Rc3 Qxe5 29. Nxc5 Qxc5 30. Rd7 Rad8 31. Rxa7 Qb4 0-1

[Event "12th ECC Women"]
[Site "Kemer TUR"]
[Date "2007.10.08"]
[Round "6"]
[White "Arakhamia,K"]
[Black "Maric,A"]
[Result "1/2-1/2"]
[WhiteElo "2432"]
[BlackElo "2408"]
[EventDate "2007.10.03"]

1. e4 c6 2. d4 d5 3. Nc3 dxe4 4. Nxe4 Bf5 5. Ng3 Bg6 6. h4 h6 7. Nf3 Nd7 8.
h5 Bh7 9. Bd3 Bxd3 10. Qxd3 Ngf6 11. Bf4 e6 12. O-O-O Be7 13. Kb1 O-O 14.
Qe2 Re8 15. Ne5 Qb6 16. Rd3 Qa6 17. Ne4 Rad8 18. Nxf6+ Nxf6 19. Qf3 Rf8 20.
g4 Nd7 21. Nxd7 Rxd7 22. g5 hxg5 23. h6 g6 24. Be5 f6 25. Qe4 Kh7 26. Bg3
Qc4 27. Re1 Rfd8 28. b3 Qd5 29. Qe2 Bf8 1/2-1/2

[Event "12th ECC Women"]
[Site "Kemer TUR"]
[Date "2007.10.08"]
[Round "6"]
[White "Ushenina,A"]
[Black "Gvetadze,Sopi"]
[Result "1/2-1/2"]
[WhiteElo "2486"]
[BlackElo "2362"]
[EventDate "2007.10.03"]

1. d4 Nf6 2. c4 e6 3. Nf3 d5 4. Nc3 c5 5. cxd5 Nxd5 6. e4 Nxc3 7. bxc3 cxd4
8. cxd4 Bb4+ 9. Bd2 Bxd2+ 10. Qxd2 O-O 11. Bc4 Nc6 12. O-O Na5 13. Bd3 b6
14. Rad1 Bb7 15. Rfe1 Rc8 16. Qf4 Nc4 17. Re2 Qe7 18. d5 e5 19. Qg3 f6 20.
Bxc4 Rxc4 21. Nh4 Bc8 1/2-1/2